LEADER 03169 am 22005773u 450 001 9910130884403321 005 20230621142721.0 035 $a(CKB)3450000000003064 035 $a(MARCnow)har100129209 035 $a(MH)013010592-9 035 $a(SSID)ssj0000985957 035 $a(PQKBManifestationID)11985363 035 $a(PQKBTitleCode)TC0000985957 035 $a(PQKBWorkID)10932786 035 $a(PQKB)11176841 035 $a(OCoLC)775429729 035 $a(WaSeSS)Ind00074836 035 $a(EXLCZ)993450000000003064 100 $a20120201d2010 uy 0 101 0 $ager 135 $aurcn#nnn||||| 181 $ctxt$2rdacontent 182 $cc$2rdamedia 183 $acr$2rdacarrier 200 10$aJohann Friedrich Blumenbach $ebibliographie seiner schriften /$fClaudia Kroke ; Unter Mitarbeit von Wolfgang Böker und Reimer Eck 210 1$a[Göttingen] :$cUniversitätsverlag Göttingen,$d2010. 210 4$d©2010 215 $a1 online resource (235 pages) $cdigital, PDF file(s) 225 0 $aOpen Access e-Books 225 0 $aKnowledge Unlatched 225 1 $aSchriften zur Göttinger Universitätsgeschichte,$x1866-5144 ;$vBand 2 300 $aIncludes indexes. 330 $aThis bibliography documents the printed works of Johann Friedrich Blumenbach (1752-1840) and makes them accessible for research purposes. Blumenbach was Professor of Medicine and Natural History at the University of Go?ttingen. He was one of the leading exponents of the revolutionary change of the geo-biological concept of the world at the turn of the 18th to the 19th century. His works exemplarily show the interactions between the life sciences, the humanities and the social sciences of his day. 330 $aJohann Friedrich Blumenbach (1752-1840) war Professor der Medizin und Naturgeschichte an der Universita?t Go?ttingen. Er ist einer der fu?hrenden Exponenten der revolutiona?ren Umwandlung des geologischen und biologischen Weltbildes um die Wende vom 18. zum 19. Jahrhundert. Seine lange Lebensspanne wirkte als Bru?cke zwischen der Biologie Carl von Linne?s und der Biologie Charles Darwins. Die vorliegende Bibliographie dokumentiert und erschließt das wissenschaftliche Werk Blumenbachs, das von entscheidender Bedeutung fu?r unser Versta?ndnis der Wissenschaftskultur Europas im spa?ten 18. und fru?hen 19. Jahrhundert ist. Erkennbar wird darin die intensive Wechselwirkung zwischen den Wissenschaften vom Leben und insbesondere vom Menschen einerseits und andererseits den Geistes- und Sozialwissenschaften dieser Epoche. 410 0$aSchriften zur Göttinger Universitätsgeschichte ;$vBand 2. 606 $aPhysiologists$zGermany$vCorrespondence 606 $aPhysicians$zGermany$vCorrespondence 615 0$aPhysiologists 615 0$aPhysicians 676 $a611.0092 700 $aKroke$b Claudia$f1967-,$0801260 702 $aBöker$b Wolfgang 702 $aEck$b Reimer C. 801 0$bNyNyMAR 801 1$bNyNyMAR 801 2$bAuAdUSA 801 2$bUkMaJRU 906 $aBOOK 912 $a9910130884403321 996 $aJohann Friedrich Blumenbach$91969154 997 $aUNINA LEADER 02062oam 2200529 450 001 9910706201103321 005 20170816093450.0 035 $a(CKB)5470000002454411 035 $a(OCoLC)891598538 035 $a(OCoLC)995470000002454411 035 $a(EXLCZ)995470000002454411 100 $a20140929d1965 ua 0 101 0 $aeng 135 $aurmn||||||||| 181 $ctxt$2rdacontent 182 $cc$2rdamedia 183 $acr$2rdacarrier 200 10$aGeomorphology of the Shenandoah Valley, Virginia, and West Virginia, and origin of the residual ore deposits /$fby John T. Hack 210 1$aWashington :$cUnited States Department of the Interior, Geological Survey,$d1965. 215 $a1 online resource (iv, 84 pages) $cillustrations, maps +$e3 plates 225 1 $aGeological Survey professional paper ;$v484 300 $aTitle from title screen (viewed September 29, 2014). 300 $a"A geomorphological study in which it is assumed that the erosion and downwasting of the central Appalachians were continuous and uninterrupted by periods of baseleveling." 320 $aIncludes bibliographical references (pages 77-79) and index. 606 $aGeology$zShenandoah River Valley (Va. and W. Va.) 606 $aGeology$zWest Virginia 606 $aGeology$zVirginia 606 $aOre deposits$zShenandoah River Valley (Va. and W. Va.) 606 $aOre deposits$zWest Virginia 606 $aOre deposits$zVirginia 607 $aShenandoah River Valley (Va. and W. Va.) 615 0$aGeology 615 0$aGeology 615 0$aGeology 615 0$aOre deposits 615 0$aOre deposits 615 0$aOre deposits 700 $aHack$b John T$g(John Tilton),$f1913-1991,$01400331 712 02$aGeological Survey (U.S.), 801 0$bCOP 801 1$bCOP 801 2$bOCLCO 801 2$bGPO 906 $aBOOK 912 $a9910706201103321 996 $aGeomorphology of the Shenandoah Valley, Virginia, and West Virginia, and origin of the residual ore deposits$93504908 997 $aUNINA